<?xml version="1.0" encoding="UTF-8"?><?xml-stylesheet type="text/xsl" href="static/style.xsl"?><OAI-PMH xmlns="http://www.openarchives.org/OAI/2.0/" xmlns:xsi="http://www.w3.org/2001/XMLSchema-instance" xsi:schemaLocation="http://www.openarchives.org/OAI/2.0/ http://www.openarchives.org/OAI/2.0/OAI-PMH.xsd"><responseDate>2026-04-17T07:41:44Z</responseDate><request verb="GetRecord" identifier="oai:www.recercat.cat:10256/16058" metadataPrefix="marc">https://recercat.cat/oai/request</request><GetRecord><record><header><identifier>oai:recercat.cat:10256/16058</identifier><datestamp>2024-06-14T09:44:21Z</datestamp><setSpec>com_2072_452955</setSpec><setSpec>com_2072_2054</setSpec><setSpec>col_2072_453064</setSpec></header><metadata><record xmlns="http://www.loc.gov/MARC21/slim" xmlns:dcterms="http://purl.org/dc/terms/" xmlns:xsi="http://www.w3.org/2001/XMLSchema-instance" xmlns:doc="http://www.lyncode.com/xoai" xsi:schemaLocation="http://www.loc.gov/MARC21/slim http://www.loc.gov/standards/marcxml/schema/MARC21slim.xsd">
   <leader>00925njm 22002777a 4500</leader>
   <datafield ind2=" " ind1=" " tag="042">
      <subfield code="a">dc</subfield>
   </datafield>
   <datafield ind2=" " ind1=" " tag="720">
      <subfield code="a">Costa i Fernàndez, Lluís</subfield>
      <subfield code="e">author</subfield>
   </datafield>
   <datafield ind2=" " ind1=" " tag="260">
      <subfield code="c">2013</subfield>
   </datafield>
   <datafield ind2=" " ind1=" " tag="520">
      <subfield code="a">The working hypothesis that is developed in this article is based on a central idea: the political project of General Miguel Primo de Rivera (1923-1930) was based, unsuccessfully, in the development of an intensive work of propaganda. At a time when the press was almost the only means of mass communication, Primo played his role as a true fourth estate. Communicative manipulation was exercised through censorship and notes of required insertion, which accentuated the populist tone of the regime. The application of this control had many contradictions but in some ways it was used as a model to the Franco dictatorship</subfield>
   </datafield>
   <datafield ind2=" " ind1=" " tag="520">
      <subfield code="a">La hipótesis de trabajo que intentamos desarrollar en el presente artículo parte de una idea central: el proyecto político de Primo de Rivera se fundamentó, sin éxito, en el desarrollo de una intensa labor comunicativa-propagandística. En una época en que la prensa era casi el único medio de comunicación de masas, Primo de Rivera interpreta su función como un verdadero cuarto poder. La manipulación comunicativa la ejerce a través de la censura y de las notas de obligada inserción, las cuales acentuaban el tono populista del régimen. La aplicación de este control presentará muchas contradicciones, aunque en algunos aspectos servirá de modelo a la dictadura franquista</subfield>
   </datafield>
   <datafield ind1="8" ind2=" " tag="024">
      <subfield code="a">http://hdl.handle.net/10256/16058</subfield>
   </datafield>
   <datafield tag="653" ind2=" " ind1=" ">
      <subfield code="a">Premsa i propaganda -- Espanya</subfield>
   </datafield>
   <datafield tag="653" ind2=" " ind1=" ">
      <subfield code="a">Press and propaganda -- Spain</subfield>
   </datafield>
   <datafield tag="653" ind2=" " ind1=" ">
      <subfield code="a">Censura -- Espanya -- Història -- S. XX</subfield>
   </datafield>
   <datafield tag="653" ind2=" " ind1=" ">
      <subfield code="a">Censorship -- Spain -- History -- 20th century</subfield>
   </datafield>
   <datafield tag="653" ind2=" " ind1=" ">
      <subfield code="a">1923-1930, Dictadura de Primo de Rivera -- Censura</subfield>
   </datafield>
   <datafield tag="653" ind2=" " ind1=" ">
      <subfield code="a">1923-1930, Dictatorship of Primo de Rivera -- Censorship</subfield>
   </datafield>
   <datafield ind2="0" ind1="0" tag="245">
      <subfield code="a">Comunicación y propaganda durante la dictadura de Primo de Rivera (1923-1930)</subfield>
   </datafield>
</record></metadata></record></GetRecord></OAI-PMH>